000 00868nam a2200289 u 4500
003 MX-MxUPN
005 20240815103510.0
008 180604s2008 mx a br 000 f spa d
020 _a9786071600011
035 _aUPN01000225187
040 _aMX-MxUPN
_bspa
_cMX-MxUPN
041 _aspa
050 4 _aPQ7297 V53
_bL53 2008
100 1 _aVilloro, Juan,
_d1956-
_930716
245 1 3 _aEl libro salvaje
250 _aPrimera edición
260 _aMéxico, D.F. :
_bFondo de Cultura Económica,
_c2008.
300 _a237 páginas :
_bilustraciones
490 0 _aA la orilla del viento ;
_v198
650 0 _aLibros y lectura
_vNovela
_921000
650 4 _aDivorcio
_vLiteratura infantil
_927508
700 1 _952990
_aMartínez Meave, Gabriel
_eilustrasción
902 _bMaríaRobles/090824
905 _aLibro
942 _2lcc
_cLIBRO
_n0
999 _c197283
_d197283